000 00866cab a2200253 4500
001 WB3203-28
008 090401t1996 xxu||||| |||| 00| 0 eng d
035 _a(Sirsi) u2034
041 _aeng
245 _aLeasehold policy reform
260 _c1996
350 _a0
490 _aTimes
_v19 January 1996, 6&27
490 _aRICS Press Release
_v(PR3.res) 19 January 1996, (4)
520 _aRecent problems with leasehold properties have forced government to add several amendments to the Housing Bill, including strict penalties for landlords who ignore leaseholders right of first refusal to buy the freehold.
650 _aBLOCKS OF FLATS
650 _aHOUSING BILL
650 _aLEASEHOLD REFORM
650 _aLEASEHOLDERS
650 _aRIGHT OF FIRST REFUSAL
690 _aLANDLORD AND TENANT-LEASEHOLD REFORM
942 _n0
948 _c04/03/1997
999 _c1210
_d1210